[Event "Stay Safe Play From Home 193"]
[Site "T#646517Emanuel Laske"]
[Date "2020.06.02"]
[Round "8"]
[White "Fish4Life"]
[Black "Mepe_Nika"]
[Result "0-1"]
[WhiteElo "1954"]
[BlackElo "2250"]
[Annotator "TA"]
[PlyCount "82"]
[EventDate "2020.06.02"]
[EventType "swiss (blitz)"]

{[%evp 9,82,-16,-19,-6,25,-41,-34,-95,-27,-39,-22,-28,-12,-12,0,-22,17,-47,-24,-26,-11,-49,5,-87,-70,-271,174,200,187,187,197,-30,0,0,0,0,0,-133,-132,-130,-99,-99,-102,-101,-106,-214,-188,-274,-283,-1229,-1225,-1121,-738,-706,-343,-321,-139,-272,-263,-499,-499,-485,-459,-450,-441,-500,-424,-449,-467,-489,-487,-5481,-480,-29990,0]} 1. e4 e5 2. d4 exd4 3. c3 Nf6 4. e5 Nd5 5. Bc4 Nb6 6. Bb3 {C21: Danish Gambit.} d5 7. exd6 (7. cxd4 $11 c5 8. Ne2) 7... Bxd6 $15 {[#]} 8. Nf3 $146 (8. Qe2+ $15 Qe7 9. Qxe7+ Bxe7 10. Nf3) ({Predecessor:} 8. Qxd4 O-O 9. Nf3 Nc6 10. Qd3 Re8+ 11. Be3 Qf6 12. O-O Bf5 13. Qd2 Rad8 14. Qc1 {0-1 (20) Vizovisek,S (1845)-Loncar,R (2397) Bled 2018}) 8... O-O (8... Qe7+ $17 9. Kf1 Nc6) 9. O-O $11 dxc3 10. Nxc3 Nc6 11. Bg5 Qd7 12. h3 Qf5 13. Qd2 ({White should try} 13. Bc2 $11 Qa5 14. a3) 13... Be6 14. Bc2 Qa5 15. Rad1 h6 ({Black should play} 15... f6 $15 16. Bf4 Rad8) 16. Qd3 (16. Bxh6 $1 $11 Rad8 17. Qg5 (17. Qd3 $2 Bh2+ {[%mdl 64] Discovered Attack} 18. Kxh2 Rxd3 $19) 17... Qxg5 18. Bxg5) 16... f5 $17 17. Rfe1 $2 (17. Be3 $15) 17... Rae8 $4 {[%mdl 8192] [#]} ({Worse is} 17... hxg5 18. Rxe6 Nb4 19. Qd2 $11) (17... Bc4 $19 {avoids the disaster.} 18. Qe3 hxg5 19. Qxg5 Qc5) 18. Rxe6 $1 $18 {[%mdl 512]} Rxe6 19. Bb3 {Threatens to win with Qe3.} Rfe8 {[#]} 20. Be3 $2 (20. Re1 $1 $18 hxg5 21. Nxg5 {[%mdl 64] Pin} (21. Bxe6+ Kh8 $16) (21. Rxe6 Rxe6 22. Bxe6+ Kf8 $16)) 20... Kh7 {aiming for ...Rf6.} (20... Kh8 {seems wilder.} 21. Bxe6 Rxe6 22. Nd4 Nxd4 23. Bxd4 c6) 21. Bxe6 Rxe6 22. Bxb6 axb6 23. Nd4 (23. a3 $11) 23... Nxd4 $17 24. Qxd4 Rg6 25. h4 Qc5 26. h5 Rg5 $40 {[%mdl 128] Black goes for the king.} 27. Qh4 (27. Qxc5 $17 {is a better defense.} bxc5 28. g3) 27... Qe5 28. g3 (28. Qh3 {keeps fighting.}) 28... f4 $19 29. Rd5 $2 (29. g4 f3 30. Qg3 Qxg3+ 31. fxg3) 29... Qe1+ 30. Kg2 Rxd5 31. Nxd5 fxg3 (31... Qe4+ $142 32. Kg1 Qxd5 33. gxf4 Qxa2) 32. Qd4 {If White can now play Qd3+ this consolidates a bit.} Qe5 (32... gxf2 $19 {is more deadly.} 33. Qxf2 Qe5 {[%mdl 64] Double Attack}) 33. Qd3+ (33. Qxe5 $17 Bxe5 34. f4 Bxb2 35. Nxc7) 33... Kh8 {Strongly threatening ...gxf2.} 34. Ne3 $2 (34. fxg3 {is the only way for White.} Qxb2+ 35. Kh3) 34... gxf2 35. Kxf2 Qh2+ 36. Ke1 Qxh5 37. Kd2 Qe8 38. Kc2 Bf4 39. Nf5 Bg5 40. Qg3 (40. a3 $142) 40... Qg6 (40... Qe2+ $142 41. Kb3 Bf6) 41. Qxg5 (41. Qf3 $19) 41... Kh7 $2 {[%mdl 32768] Accuracy: White = 28%, Black = 44%. . Sensor Board Error (Ke4/e5)?} (41... hxg5 {mates} 42. a4 Qxf5+ 43. Kc3 g4 44. a5 bxa5 45. b4 g3 46. Kd2 g2 47. bxa5 g1=Q 48. a6 Qd4+ 49. Kc1 Qf1+ {[%mdl 64] Double Attack} 50. Kc2 Qfd1#) 0-1

[Event "Stay Safe Play From Home 193"]
[Site "T#646517Emanuel Laske"]
[Date "2020.06.02"]
[Round "8"]
[White "Konmos"]
[Black "Emresenar"]
[Result "0-1"]
[WhiteElo "1663"]
[BlackElo "1741"]
[Annotator "NA RC"]
[PlyCount "64"]
[EventDate "2020.06.02"]
[EventType "swiss (blitz)"]

1. d4 {[%emt 0:00:01]} d5 {[%emt 0:00:01]} 2. e4 {[%emt 0:00:00]} dxe4 {[%emt 0:00:01]} 3. f3 {[%emt 0:00:00]} exf3 {[%emt 0:00:02]} 4. Nxf3 {[%emt 0:00:00]} Bg4 {[%emt 0:00:01]} 5. Be2 {[%emt 0:00:03]} Bxf3 {[%emt 0:00:01]} 6. Bxf3 {[%emt 0:00:01]} c6 {[%emt 0:00:01]} 7. c4 {[%emt 0:00:02]} Nf6 {[%emt 0:00:01]} 8. Nc3 {[%emt 0:00:00]} g6 {[%emt 0:00:00]} 9. O-O {[%emt 0:00:00]} Bg7 {[%emt 0:00:00]} 10. Bg5 {[%emt 0:00:00]} O-O {[%emt 0:00:01]} 11. Qd2 {[%emt 0:00:00]} Nbd7 {[%emt 0:00:01]} 12. Rad1 {[%emt 0:00:00]} Qc7 {[%emt 0:00:02]} 13. Bh6 {[%emt 0:00:00]} e6 {[%emt 0:00:04]} 14. Bf4 {[%emt 0:00:03]} Qa5 {[%emt 0:00:03]} 15. a3 {[%emt 0:00:01]} Nb6 {[%emt 0:00:02]} 16. Be2 {[%emt 0:00:05]} Rad8 {[%emt 0:00:05]} 17. Qc1 {[%emt 0:00:04]} c5 {[%emt 0:00:08]} 18. dxc5 {[%emt 0:00:05]} Qxc5+ {[%emt 0:00:01]} 19. Kh1 {[%emt 0:00:06]} Nxc4 {[%emt 0:00:00]} 20. b4 {[%emt 0:00:02]} Qc6 {[%emt 0:00:02]} 21. Bf3 {[%emt 0:00:03]} Qc8 {[%emt 0:00:01]} 22. Rxd8 {[%emt 0:00:03]} Rxd8 {[%emt 0:00:01]} 23. Ne4 {[%emt 0:00:07]} Nxe4 {[%emt 0:00:01]} 24. Bxe4 {[%emt 0:00:00]} e5 {[%emt 0:00:02]} 25. Bg3 {[%emt 0:00:02]} f5 {[%emt 0:00:01]} 26. Bf3 {[%emt 0:00:02]} e4 {[%emt 0:00:02]} 27. Be2 {[%emt 0:00:02]} Nd2 {[%emt 0:00:01]} 28. Bd1 {[%emt 0:00:02]} Qxc1 {[%emt 0:00:01]} 29. Re1 {[%emt 0:00:02]} Bh6 {[%emt 0:00:03]} 30. Bb3+ {[%emt 0:00:00]} Nxb3 {[%emt 0:00:02]} 31. Rxc1 {[%emt 0:00:00]} Nxc1 {[%emt 0:00:00]} 32. Bf4 {[%emt 0:00:01]} Rd1# {[%emt 0:00:00] (Lag: Av=1.02s, max=4.1s)} 0-1

[Event "Stay Safe Play From Home 193"]
[Site "T#646517Emanuel Laske"]
[Date "2020.06.02"]
[Round "8"]
[White "Trotsky"]
[Black "Greblha"]
[Result "1-0"]
[WhiteElo "1538"]
[BlackElo "1952"]
[Annotator "TA"]
[PlyCount "61"]
[EventDate "2020.06.02"]
[EventType "swiss (blitz)"]

{[%evp 9,60,-14,-18,-25,0,-46,-18,-25,-4,-55,2,-54,-37,-120,-47,-262,74,-658,-432,-681,18,37,9,-359,-343,-448,-435,-540,-111,-502,-202,-197,117,120,105,97,29991,29992,29992,29993,29994,29994,29994,29995,29997,29997,29997,29997,29997,29998,29998,29999,29999]} 1. d4 c6 2. e3 d5 3. c4 g6 4. Nc3 e6 5. c5 Bg7 6. Bd3 {D10: Slav Defence: 3 cxd5 (without early Nf3) and 3 Nc3.} Nf6 {[#]} 7. Qc2 $146 ({Predecessor:} 7. b4 Nbd7 8. Nge2 O-O 9. O-O e5 10. f3 Re8 11. Ng3 exd4 12. exd4 Nf8 13. Bb2 {0-1 (54) Kerpe,U (1286)-Schampel,A (1699) Heusweiler 2001}) 7... O-O (7... e5 $5) 8. Nf3 {The position is equal.} Nbd7 9. Bd2 (9. O-O $11) 9... b5 (9... b6 $15) 10. h4 (10. Ne2 $11) 10... a5 11. Ng5 (11. Ne2 $15) 11... h6 ({Better is} 11... e5 $17 {And now ...b4 would win.} 12. f3 h6) 12. Bxg6 $2 (12. Nf3 $15) 12... b4 $2 ({Less strong is} 12... fxg6 13. Nxe6 Qe7 14. Nxf8 $17) ({Black should play} 12... hxg5 $19 13. Bd3 gxh4 14. Rxh4 Re8) 13. e4 $2 {[%mdl 8192]} (13. Bh7+ $16 Kh8 14. Ne2) 13... fxg6 14. e5 (14. Nxe6 $142 Qe7 15. Nxf8 bxc3 16. Bxc3 Nxf8 17. e5) 14... Ne4 $2 (14... hxg5 $19 15. Ne2 Ne4) 15. Ncxe4 $11 dxe4 16. Qxe4 $2 {[%mdl 8192]} (16. Nxe4 $11 {and White stays safe.} Nxe5 17. dxe5) 16... hxg5 $19 17. hxg5 Rf5 {Threatens to win with ...Nxc5!} 18. O-O-O Kf7 $2 (18... Nf8 $19 {has better winning chances.} 19. f3 Qd5 20. Qxd5 exd5) 19. Rh7 $2 {[%mdl 8192]} (19. g4 $17 Nxc5 20. dxc5 Rxe5 {[%mdl 64] Double Attack} 21. Qf4+ Ke8 22. Bc3 Qxd1+ 23. Rxd1 bxc3 24. bxc3) 19... Bb7 (19... Nf8 $142 20. Rh4 Qd5 21. Qxd5 exd5) 20. g4 Qe7 $2 (20... Rxf2 $19 21. Be3 Nf8) 21. gxf5 $16 exf5 {[#]} 22. e6+ $1 Qxe6 $2 {[%mdl 8192] [#]} (22... Kg8 $16 23. Rxg7+ Kxg7) 23. Rxg7+ $1 {[%mdl 576] Deflection. White mates.} Kxg7 24. Qxe6 Rd8 25. Qe7+ {[%mdl 64] Double Attack} Kg8 26. Qxd8+ Kf7 27. Re1 {[%csl Gd8][%cal Re1e7]} Nf8 28. Qe8+ Kg8 29. Re7 Bc8 30. Qf7+ Kh8 31. Qg7# {Accuracy: White = 29%, Black = 15%.} 1-0

[Event "Stay Safe Play From Home 193"]
[Site "T#646517Emanuel Laske"]
[Date "2020.06.02"]
[Round "8"]
[White "Cubail"]
[Black "Grizzzly"]
[Result "0-1"]
[WhiteElo "1303"]
[BlackElo "1722"]
[Annotator "NA RC"]
[PlyCount "48"]
[EventDate "2020.06.02"]
[EventType "swiss (blitz)"]

1. f4 {[%emt 0:00:02]} d6 {[%emt 0:00:01]} 2. e4 {[%emt 0:00:01]} c5 {[%emt 0:00:00]} 3. Nf3 {[%emt 0:00:02]} Nc6 {[%emt 0:00:00]} 4. Bb5 {[%emt 0:00:03]} e6 {[%emt 0:00:01]} 5. e5 {[%emt 0:00:01]} Bd7 {[%emt 0:00:03]} 6. exd6 {[%emt 0:00:03]} Bxd6 {[%emt 0:00:01]} 7. Bxc6 {[%emt 0:00:01]} Bxc6 {[%emt 0:00:01]} 8. O-O {[%emt 0:00:01]} Bxf4 {[%emt 0:00:02]} 9. d4 {[%emt 0:00:03]} Bxc1 {[%emt 0:00:03]} 10. Qxc1 {[%emt 0:00:02]} Bxf3 {[%emt 0:00:01]} 11. Rxf3 {[%emt 0:00:02]} Qxd4+ {[%emt 0:00:00]} 12. Kh1 {[%emt 0:00:01]} Rd8 {[%emt 0:00:02]} 13. Nc3 {[%emt 0:00:05]} Nf6 {[%emt 0:00:02]} 14. Qg5 {[%emt 0:00:01]} O-O {[%emt 0:00:03]} 15. Raf1 {[%emt 0:00:02]} Nd5 {[%emt 0:00:07]} 16. Rg3 {[%emt 0:00:03]} Nxc3 {[%emt 0:00:02]} 17. bxc3 {[%emt 0:00:05]} h6 {[%emt 0:00:05]} 18. Qxh6 {[%emt 0:00:05]} Qe5 {[%emt 0:00:04]} 19. Qh4 {[%emt 0:00:07]} Rd5 {[%emt 0:00:05]} 20. Rh3 {[%emt 0:00:01]} f5 {[%emt 0:00:02]} 21. Qh8+ {[%emt 0:00:04]} Kf7 {[%emt 0:00:00]} 22. Qh5+ {[%emt 0:00:02]} Ke7 {[%emt 0:00:01]} 23. Qg6 {[%emt 0:00:02]} Rf7 {[%emt 0:00:01]} 24. Rh7 {[%emt 0:00:01]} Qf6 {[%emt 0:00:01] Time (Lag: Av=0.31s, max=0.4s)} 0-1

[Event "Stay Safe Play From Home 193"]
[Site "T#646517Emanuel Laske"]
[Date "2020.06.02"]
[Round "9"]
[White "Broken sword"]
[Black "Tolka"]
[Result "1-0"]
[WhiteElo "2506"]
[BlackElo "2207"]
[Annotator "TA"]
[PlyCount "15"]
[EventDate "2020.06.02"]
[EventType "swiss (blitz)"]

{[%evp 9,15,36,121,68,813,814,791,783]} 1. d4 d5 2. Nf3 e6 3. c4 f5 4. cxd5 exd5 5. Nc3 Bd6 {[#]} ({Black should try} 5... Nf6 $14) 6. Bg5 $146 {A84: Dutch Defence: 2 c4 Miscellaneous.} (6. Nxd5 $16 c6 7. Bg5) ({Predecessor:} 6. Nxd5 Bxh2 7. Ne3 Bf4 8. g3 Bxe3 9. Bxe3 Nc6 10. Qa4 Bd7 11. Qb3 Qe7 12. O-O-O O-O-O {1-0 (40) De Souza,A-Guelerman Ramos,F (1392) Barrinha 2011}) 6... c6 $2 {[%mdl 8192] [#]} (6... Be7 $14) 7. Bxd8 $18 Kxd8 8. e3 1-0

[Event "Stay Safe Play From Home 193"]
[Site "T#646517Emanuel Laske"]
[Date "2020.06.02"]
[Round "9"]
[White "Rogan"]
[Black "Lazieri3"]
[Result "1-0"]
[WhiteElo "2221"]
[BlackElo "2102"]
[Annotator "TA"]
[PlyCount "69"]
[EventDate "2020.06.02"]
[EventType "swiss (blitz)"]

{[%evp 9,69,-2,1,3,26,23,26,27,16,9,16,12,244,234,241,239,247,168,231,111,331,254,256,79,76,65,479,325,399,382,372,375,997,996,1539,1519,1341,1337,3152,858,1222,1217,1193,1156,2380,2133,1845,1766,29974,29975,29975,29976,29974,29975,29975,29976,29978,29979,29979,29980,29980,29974]} 1. d4 c6 2. c3 d5 3. Nf3 Nf6 4. Bg5 Bf5 5. Nbd2 e6 6. Nh4 {D02: 1 d4 d5 2 Nf3 sidelines, including 2...Nf6 3 g3 and 2...Nf6 3 Bf4.} Bg6 7. Nxg6 hxg6 8. e3 {White has an edge.} Nbd7 9. Bd3 {[#]} Bd6 $146 ({Predecessor:} 9... Be7 10. h3 e5 11. dxe5 Nxe5 12. Be2 Qc7 13. O-O Nh5 14. Bxe7 Qxe7 15. Nb3 O-O-O {1-0 (63) Birkholz,O (2048)-Fridthjofsdottir,S (1715) Drammen 2018}) 10. Qe2 Rxh2 $2 (10... Qa5 $11) 11. Rxh2 $18 Bxh2 {[#]} 12. g3 $1 Qc7 13. Qf3 {[%mdl 1024] White has strong compensation.} Nh5 (13... e5 $142) 14. O-O-O (14. Nf1 $18) 14... e5 $2 (14... Bxg3 $16 {was necessary.} 15. fxg3 Qxg3) 15. Qg2 e4 16. Be2 $2 (16. Nxe4 $18 {is more deadly. Rh1 is the strong threat.} dxe4 17. Qxe4+ Kf8 18. Rh1) 16... Nxg3 $16 17. fxg3 Bxg3 $2 {[%mdl 8192]} (17... Qxg3 $14 18. Qxg3 Bxg3) 18. Rf1 f6 19. Bf4 Bxf4 20. Qxg6+ {[%mdl 64] Double Attack} ({Not} 20. Rxf4 Nf8 $16) 20... Kf8 $2 (20... Kd8) 21. Rxf4 $18 Re8 22. Bh5 {[%csl Gh5][%cal Rg6e8]} Re7 23. Qh7 {[%cal Rh7h8]} Re6 24. Qh8+ (24. Rg4 $142 Ke7 25. Rxg7+ Kd6 {[#]} 26. Bg4 $1 {[%mdl 512]}) 24... Ke7 25. Qxg7+ Kd6 26. c4 {Intending c5+ and mate.} c5 27. cxd5 cxd4+ 28. Kb1 dxe3 29. dxe6 {White mates.} exd2 30. Qxd7+ Qxd7 31. exd7 Kxd7 32. Rxe4 f5 33. Rd4+ Ke6 34. Rxd2 Ke5 35. Bf3 {Accuracy: White = 59%, Black = 31%.} 1-0

[Event "Stay Safe Play From Home 193"]
[Site "T#646517Emanuel Laske"]
[Date "2020.06.02"]
[Round "9"]
[White "SoulofWolf"]
[Black "Lamborghini"]
[Result "1/2-1/2"]
[WhiteElo "2173"]
[BlackElo "2237"]
[Annotator "TA"]
[PlyCount "70"]
[EventDate "2020.06.02"]
[EventType "swiss (blitz)"]

{[%evp 9,70,-9,0,-5,0,0,17,22,9,-3,-2,-30,0,0,0,-26,-26,-27,-30,-20,-32,-26,-34,-37,-15,-16,-22,-43,-32,-64,-64,-89,-95,-92,-51,-57,-59,-67,-62,-62,-65,-189,-189,-202,-202,-273,-266,-272,-283,-278,-268,-275,-279,-264,0,0,0,0,0,0,0,0,0]} 1. Nf3 d6 2. c4 Nf6 3. e3 g6 4. b3 Bg7 5. Nc3 O-O 6. Bb2 {A15: English Opening: 1...Nf6.} e5 7. d4 e4 8. Nd2 Re8 9. Qc2 Bf5 10. Be2 h5 {[#]} 11. O-O $146 ({Predecessor:} 11. h3 c6 12. Nf1 d5 13. Nh2 Qd7 14. c5 b6 15. Na4 b5 16. Nc3 g5 17. a4 {½-½ (110) Habibi,A (2222)-Gaehler,M (2376) Switzerland 2019}) 11... Nc6 12. a3 Nxd4 13. exd4 e3 14. Bd3 Bxd3 15. Qxd3 exd2 16. Qxd2 Ne4 17. Nxe4 Rxe4 18. Rad1 Qd7 19. f3 Re7 20. d5 Bxb2 21. Qxb2 Qf5 22. Rde1 Rae8 {[%cal Ba8e8,Be8e7,Be7e3][%mdl 32]} 23. Rxe7 Rxe7 $15 {[%mdl 4096] Endgame KQR-KQR} 24. Qd2 Qe5 25. g3 ({White should try} 25. Rb1 $15) 25... Qe3+ $19 26. Qxe3 Rxe3 {KR-KR} 27. Rb1 Rxf3 28. Kg2 Rc3 29. Rb2 Kg7 30. Kf2 f5 31. Ke2 {intending Kd2.} Kf6 $2 (31... g5 $19 32. Kd2 Rf3) 32. Kd2 $1 $11 {[%cal Rd2c3] The position is equal.} Rf3 {[#] Threatens to win with ...Rf2+.} 33. Ke2 Rc3 {White must now prevent ...Ke5.} 34. Kd2 $1 {[%cal Rd2c3]} Rf3 {aiming for ...Rf2+.} 35. Ke2 Rc3 {Accuracy: White = 70%, Black = 85%.} 1/2-1/2

[Event "Stay Safe Play From Home 193"]
[Site "T#646517Emanuel Laske"]
[Date "2020.06.02"]
[Round "9"]
[White "Bellbox"]
[Black "Toosieslide"]
[Result "1-0"]
[WhiteElo "2117"]
[BlackElo "2217"]
[Annotator "TA"]
[PlyCount "57"]
[EventDate "2020.06.02"]
[EventType "swiss (blitz)"]

{[%evp 26,56,18,29,33,-18,30,39,177,8,26,0,0,0,15,0,0,0,20,16,22,20,0,-4,178,167,149,131,492,522,522,0,29999]} 1. e4 e5 2. Nf3 Nc6 3. Bb5 a6 4. Ba4 Nf6 5. O-O Be7 6. Re1 b5 7. Bb3 d6 8. c3 O-O 9. h3 Na5 10. Bc2 c5 11. d4 Qc7 12. Nbd2 Re8 13. d5 Bd7 14. Nf1 g6 {C97: Closed Ruy Lopez: Chigorin Defence: 11 d4 Qc7, sidelines.} 15. g4 {[#]} (15. b3 $14) 15... Bf8 $146 ({Predecessor:} 15... h5 16. g5 Nh7 17. h4 Qd8 18. Kh1 f6 19. N1h2 fxg5 20. Nxg5 Nxg5 21. Rg1 Kh7 22. Bxg5 {½-½ (59) Zamanova,B (1785)-Dragieva,D (2074) Porto Carras 2013}) 16. Ng3 {Threatens to win with g5.} Bg7 {[#]} (16... Reb8 $14) 17. Bg5 $2 (17. g5 $1 $18) 17... h6 18. Be3 Nc4 19. Bc1 $1 Rab8 20. b3 Nb6 21. Be3 c4 22. b4 Ra8 23. Qd2 a5 24. Bxh6 Bxh6 $2 (24... axb4 $1 $11 25. cxb4 Ra3 26. Bxg7 Kxg7) 25. Qxh6 $18 {Hoping for Ng5.} axb4 26. Kh2 $40 {[%mdl 128] White is out for blood.} bxc3 $2 {[%mdl 8192]} (26... b3 $16 {is more resistant.}) 27. Rg1 Qd8 {[#]} 28. Nh5 $2 ({White must play} 28. Nf5 $1 $18 {[%csl Gf5][%cal Rh6g7][%mdl 512]} Nxg4+ (28... gxf5 29. gxf5+) 29. Rxg4) 28... Qe7 $2 {[%mdl 8192]} (28... Nxh5 $11 29. gxh5 Qf6 30. hxg6 Qf4+ 31. Qxf4 exf4) 29. Qg7# {Accuracy: White = 70%, Black = 42%.} 1-0

[Event "Stay Safe Play From Home 193"]
[Site "T#646517Emanuel Laske"]
[Date "2020.06.02"]
[Round "9"]
[White "Scorpio New"]
[Black "Fischer_11"]
[Result "1-0"]
[WhiteElo "2114"]
[BlackElo "2036"]
[Annotator "NA RC"]
[PlyCount "85"]
[EventDate "2020.06.02"]
[EventType "swiss (blitz)"]

1. d3 {[%emt 0:00:03]} e5 {[%emt 0:00:01]} 2. Nd2 {[%emt 0:00:00]} d5 {[%emt 0:00:00]} 3. c3 {[%emt 0:00:00]} Nc6 {[%emt 0:00:00]} 4. Qc2 {[%emt 0:00:01]} Bd6 {[%emt 0:00:00]} 5. e4 {[%emt 0:00:01]} Nf6 {[%emt 0:00:00]} 6. Ngf3 {[%emt 0:00:02]} d4 {[%emt 0:00:00]} 7. c4 {[%emt 0:00:01]} O-O {[%emt 0:00:02]} 8. a3 {[%emt 0:00:01]} Bg4 {[%emt 0:00:01]} 9. h3 {[%emt 0:00:01]} a6 {[%emt 0:00:00]} 10. hxg4 {[%emt 0:00:01]} Nxg4 {[%emt 0:00:00]} 11. b4 {[%emt 0:00:02]} b5 {[%emt 0:00:02]} 12. c5 {[%emt 0:00:01]} Be7 {[%emt 0:00:02]} 13. Be2 {[%emt 0:00:01]} f5 {[%emt 0:00:01]} 14. exf5 {[%emt 0:00:01]} Rxf5 {[%emt 0:00:00]} 15. Ne4 {[%emt 0:00:02]} Qd5 {[%emt 0:00:05]} 16. Qa2 {[%emt 0:00:04]} Qxa2 {[%emt 0:00:03]} 17. Rxa2 {[%emt 0:00:00]} a5 {[%emt 0:00:02]} 18. Rb2 {[%emt 0:00:02]} axb4 {[%emt 0:00:01]} 19. axb4 {[%emt 0:00:00]} Ra1 {[%emt 0:00:02]} 20. O-O {[%emt 0:00:01]} h6 {[%emt 0:00:04]} 21. Nh2 {[%emt 0:00:02]} Nf6 {[%emt 0:00:03]} 22. Nxf6+ {[%emt 0:00:04]} Bxf6 {[%emt 0:00:00]} 23. Bf3 {[%emt 0:00:02]} Ne7 {[%emt 0:00:03]} 24. Be4 {[%emt 0:00:01]} Rh5 {[%emt 0:00:02]} 25. Ng4 {[%emt 0:00:01]} c6 {[%emt 0:00:03]} 26. Nxf6+ {[%emt 0:00:01]} gxf6 {[%emt 0:00:00]} 27. Bf3 {[%emt 0:00:02]} Rh4 {[%emt 0:00:04]} 28. Bd2 {[%emt 0:00:02]} f5 {[%emt 0:00:01]} 29. Rxa1 {[%emt 0:00:02]} e4 {[%emt 0:00:03]} 30. dxe4 {[%emt 0:00:01]} fxe4 {[%emt 0:00:00]} 31. Be2 {[%emt 0:00:01]} e3 {[%emt 0:00:01]} 32. fxe3 {[%emt 0:00:01]} dxe3 {[%emt 0:00:00]} 33. Bxe3 {[%emt 0:00:00]} Nd5 {[%emt 0:00:00]} 34. Bd2 {[%emt 0:00:01]} Rd4 {[%emt 0:00:01]} 35. Be1 {[%emt 0:00:01]} Re4 {[%emt 0:00:01]} 36. Bf3 {[%emt 0:00:01]} Rd4 {[%emt 0:00:01]} 37. Bxd5+ {[%emt 0:00:01]} Rxd5 {[%emt 0:00:00]} 38. Ra7 {[%emt 0:00:02]} Rd1 {[%emt 0:00:02]} 39. Kf1 {[%emt 0:00:01]} Rd7 {[%emt 0:00:01]} 40. Rxd7 {[%emt 0:00:03]} Kf8 {[%emt 0:00:00]} 41. Ra2 {[%emt 0:00:00]} Ke8 {[%emt 0:00:00]} 42. Rb7 {[%emt 0:00:01]} Kd8 {[%emt 0:00:00]} 43. Ra8# {[%emt 0:00:01] (Lag: Av=0.21s, max=0.4s)} 1-0

[Event "Stay Safe Play From Home 193"]
[Site "T#646517Emanuel Laske"]
[Date "2020.06.02"]
[Round "9"]
[White "Greblha"]
[Black "Cubail"]
[Result "1-0"]
[WhiteElo "1921"]
[BlackElo "1300"]
[Annotator "TA"]
[PlyCount "29"]
[EventDate "2020.06.02"]
[EventType "swiss (blitz)"]

{[%evp 9,29,23,21,20,25,20,27,25,59,57,79,-29,14,-141,-127,-203,-206,-196,-56,-59,1260,1252]} 1. e4 f5 2. exf5 Nf6 3. d4 d5 4. Nc3 Bxf5 5. Nf3 e6 $1 6. Bd3 {[#] B00: Queen's Fianchetto Defence, Nimzowitsch Defence.} Bxd3 $146 ({Predecessor:} 6... Bb4 7. O-O Bxc3 8. bxc3 O-O 9. Re1 Bg4 10. Qe2 Bxf3 11. Qxe6+ Kh8 12. gxf3 Re8 {1-0 (52) Vasilev,P (1715)-Lampreia,J (1176) Dos Hermanas 2004}) 7. Qxd3 Nc6 8. O-O {White has an edge.} Bd6 9. Re1 O-O 10. Ne5 ({White should play} 10. Rxe6 $16 Qd7 11. Re2) 10... Nh5 11. h3 $2 (11. Nxc6 $11 bxc6 12. Qh3 (12. Rxe6 Qd7 $14)) 11... Qh4 $17 12. Be3 (12. Nd1 $17) 12... Bxe5 $19 13. dxe5 {[#]} Nxe5 (13... d4 $1 $19 {[%cal Rd4e3]} 14. Qc4 g5 15. Qxe6+ Kh8) 14. Qd4 $15 Rf5 $2 {[%mdl 8192]} (14... Qxd4 $15 15. Bxd4 Nc6) 15. Qxh4 {Accuracy: White = 44%, Black = 40%.} 1-0

[Event "Stay Safe Play From Home 193"]
[Site "T#646517Emanuel Laske"]
[Date "2020.06.02"]
[Round "9"]
[White "Buzaglo"]
[Black "Trotsky"]
[Result "1-0"]
[WhiteElo "1878"]
[BlackElo "1569"]
[Annotator "NA RC"]
[PlyCount "47"]
[EventDate "2020.06.02"]
[EventType "swiss (blitz)"]

1. d4 {[%emt 0:00:01]} d5 {[%emt 0:00:01]} 2. Nf3 {[%emt 0:00:00]} e6 {[%emt 0:00:00]} 3. g3 {[%emt 0:00:00]} c5 {[%emt 0:00:01]} 4. Bg2 {[%emt 0:00:00]} Nc6 {[%emt 0:00:01]} 5. O-O {[%emt 0:00:00]} Qc7 {[%emt 0:00:01]} 6. dxc5 {[%emt 0:00:01]} Bxc5 {[%emt 0:00:01]} 7. c4 {[%emt 0:00:00]} Nf6 {[%emt 0:00:02]} 8. cxd5 {[%emt 0:00:00]} exd5 {[%emt 0:00:01]} 9. Nc3 {[%emt 0:00:00]} Be6 {[%emt 0:00:01]} 10. Ng5 {[%emt 0:00:01]} a6 {[%emt 0:00:02]} 11. Nxe6 {[%emt 0:00:01]} fxe6 {[%emt 0:00:01]} 12. e4 {[%emt 0:00:00]} O-O-O {[%emt 0:00:01]} 13. exd5 {[%emt 0:00:01]} exd5 {[%emt 0:00:01]} 14. Qc2 {[%emt 0:00:01]} Bd6 {[%emt 0:00:01]} 15. Nxd5 {[%emt 0:00:03]} Qb8 {[%emt 0:00:08]} 16. Nb6+ {[%emt 0:00:02]} Kc7 {[%emt 0:00:02]} 17. Nc4 {[%emt 0:00:00]} Kd7 {[%emt 0:00:04]} 18. Rd1 {[%emt 0:00:02]} Ke8 {[%emt 0:00:04]} 19. Nxd6+ {[%emt 0:00:01]} Rxd6 {[%emt 0:00:01]} 20. Bf4 {[%emt 0:00:04]} Rxd1+ {[%emt 0:00:03]} 21. Rxd1 {[%emt 0:00:00]} Qc8 {[%emt 0:00:04]} 22. Re1+ {[%emt 0:00:04]} Kf8 {[%emt 0:00:01]} 23. Qc5+ {[%emt 0:00:01]} Kg8 {[%emt 0:00:05]} 24. Bd5+ {[%emt 0:00:04] Trotsky Ñäàåòñÿ (Lag: Av=0.36s, max=0.4s)} 1-0